Normal view
MARC view
- الآخرة- يوم القيامة
Entry Topical Term
001 - CONTROL NUMBER
- control field: 20309
003 - CONTROL NUMBER IDENTIFIER
- control field: JO-AjAnu
005 - DATE AND TIME OF LATEST TRANSACTION
- control field: 20230606073532.0
008 - FIXED-LENGTH DATA ELEMENTS
- fixed length control field: 230606|| aca||aabn | a|a d
040 ## - CATALOGING SOURCE
- Original cataloging agency: JO-AjAnu
- Transcribing agency: JO-AjAnu
150 ## - HEADING--TOPICAL TERM
- Topical term or geographic name entry element: الآخرة- يوم القيامة
670 ## - SOURCE DATA FOUND
- Source citation: Work cat.: (JO-AjAnu)10428: خان، صديق حسن ، تقديم وتحقيق وتعليق: أحمد حجازي السقا ، مراجعة: محمود مصطفى بدوي, author 20308, يقظة أولي الإعتبار مما ورد في ذكر النار وأصحاب النار